Đo lường và điều khiển bằng máy tính /

Giao diện của máy tính trong đo lường và điều khiển; Các mạch số; Các mạch điều khiển với bộ biến đổi A/D; Các mạch điều khiển với bộ biến đổi D/A; Sự ghép nối bus ở cổng nối tiếp RS 232; Ghép nối với thiết bị đo lường......

Descripción completa

Guardado en:
Detalles Bibliográficos
Autor principal: Ngô Diên Tập.
Formato: Libro
Lenguaje:Vietnamese
Publicado: Hà Nội : Khoa học và kỹ thuật, 2001.
Materias:
Etiquetas: Agregar Etiqueta
Sin Etiquetas, Sea el primero en etiquetar este registro!
Thư viện lưu trữ: Mạng thư viện Đại học Đà Nẵng
LEADER 01523cam a2200397 a 4500
001 000044981
003 4089
005 20060307171628.0
008 010220b2001 vm 000 vie
020 |c 45000 
040 |a LRC  |c LRC  |d LRC 
041 0 |a vie 
082 1 4 |a 621.39  |b NG-T 
100 1 |a Ngô Diên Tập. 
245 1 0 |a Đo lường và điều khiển bằng máy tính /  |c Ngô Diên Tập. 
260 |a Hà Nội :  |b Khoa học và kỹ thuật,  |c 2001. 
300 |a 364 tr. ;  |c 24 cm. 
520 3 |a Giao diện của máy tính trong đo lường và điều khiển; Các mạch số; Các mạch điều khiển với bộ biến đổi A/D; Các mạch điều khiển với bộ biến đổi D/A; Sự ghép nối bus ở cổng nối tiếp RS 232; Ghép nối với thiết bị đo lường... 
630 0 4 |a Điện tử. 
630 0 4 |a Máy tính. 
630 0 4 |a Điều khiển. 
630 0 4 |a Đo lường. 
650 0 4 |a Đo lường  |x Máy tính. 
650 0 4 |a Điều khiển  |x Máy tính. 
OWN |a DUT 
AVA |a UDN50  |b DUT  |c Book  |d 621.39 NG-T  |e available  |t Error 5001 Not defined in file expand_doc_bib_avail.  |f 7  |g 0  |h N  |i 2  |j SH  |k 1 
999 |a From the UDN01 
AVA |a UDN50  |b DUT  |c Book  |d 621.39 NG-T  |e available  |t Error 5001 Not defined in file expand_doc_bib_avail.  |f 7  |g 0  |h N  |i 2  |j SH  |k 1 
TYP |a Monograph 
TYP |a Printed language 
980 |a Mạng thư viện Đại học Đà Nẵng